<?xml version="1.0" encoding="UTF-8"?>
<marc:record xmlns:marc="http://www.loc.gov/MARC21/slim">
   <marc:leader>00000nam a2200000 a 4500</marc:leader>
   <marc:datafield ind1="1" ind2=" " tag="100">
      <marc:subfield code="a">Hufnagl, Michael</marc:subfield>
      <marc:subfield code="4">aut</marc:subfield>
      <marc:subfield code="e">Verfasser/-in</marc:subfield>
   </marc:datafield>
   <marc:datafield ind1="0" ind2="0" tag="245">
      <marc:subfield code="a">Mannsbilder</marc:subfield>
   </marc:datafield>
   <marc:datafield ind1=" " ind2="1" tag="264">
      <marc:subfield code="b">Eigenverl.</marc:subfield>
      <marc:subfield code="c">2017</marc:subfield>
   </marc:datafield>
   <marc:datafield ind1="1" ind2=" " tag="520">
      <marc:subfield code="a">Mit dem Jahr 2017 startet er nun auch sein Soloprogramm "Mannsbilder" über das Phänomen Mann - siehe auch Bereich "Neues/Blog". Dazu sagt er: "Vier Jahre lang habe ich für das Magazin "Woman" die Kolumne "Mannsbilder" geschrieben. Dabei habe ich mich leidenschaftlich bemüht, in witzig-bösen und gleichzeitig charmant-selbstironischen Texten die sonderbare Gedankenwelt der Männer zu erfassen, und wie sich das Phänomen Frau für sie darstellt. Meine Idee dabei: Die Menschen sollten sich ertappt fühlen und lachend wiedererkennen. Jetzt habe ich meine vielen Beobachtungen zu einem neuen Bühnenabenteuer gestaltet, und ich lade für diesen &#x84;Abend mit einem Mannsbild&#x93; das Publikum in einem 100-Minuten-Programm zu einem scharfsinnigen, sprachakrobatischen und ganz sicher lustigen Rendezvous."</marc:subfield>
   </marc:datafield>
   <marc:datafield ind1=" " ind2=" " tag="041">
      <marc:subfield code="a">ger</marc:subfield>
   </marc:datafield>
   <marc:datafield ind1=" " ind2=" " tag="300">
      <marc:subfield code="a">208 S.</marc:subfield>
   </marc:datafield>
</marc:record>
